| 000 | 01421cam a22003737a 4500 | ||
|---|---|---|---|
| 003 | CHAP | ||
| 005 | 20220329132951.0 | ||
| 008 | 971013s1990 r 00010 d | ||
| 010 | _a750 | ||
| 011 | _a1722 | ||
| 035 | _a898 | ||
| 040 | _cCHAP | ||
| 090 | _aTesis | ||
| 100 | 0 | 0 |
_aLópez Collado, José I. _967784 |
| 245 | 1 | 0 |
_aTasas de desarrollo, supervivencia y reproducción y factores de mortalidad de Acyrthosiphon pisum (Homoptera: Aphididae) en Alfalfa _c/por José López Collado |
| 260 |
_aMontecillo, Méx. : _bEl autor, _c1990 |
||
| 300 |
_a136 h . _b; gráfs. |
||
| 502 | _aTesis (M.C. Esp. en Entomología y Acarología) C.P. Centro de Entomología y Acarología | ||
| 590 |
_aALEPH _b10 _c20130110 _lUCH01 _h1206 |
||
| 590 |
_aBATCH-UPD _b10 _c20130110 _lUCH01 _h0016 |
||
| 590 |
_aBATCH-UPD _b10 _c20130110 _lUCH01 _h1258 |
||
| 590 |
_aBATCH-UPD _b10 _c20130409 _lUCH01 _h1955 |
||
| 590 |
_aBATCH-UPD _b10 _c20130410 _lUCH01 _h0818 |
||
| 590 |
_aBATCH-UPD _b10 _c20130913 _lUCH01 _h1924 |
||
| 590 |
_aCONVERSION _b10 _c20130109 _lUCH01 _h1302 |
||
| 650 | 1 | 4 |
_aAcyrthosiphon pisum. _9815 |
| 650 | 1 | 4 |
_aAlfalfa _xPlagas. _93882 |
| 650 | 1 | 4 |
_aInsectos _xReproducción. _958940 |
| 710 | 0 |
_aColegio de Postgraduados. Chapingo, Méx. Centro de Entomología y Acarología. _925077 |
|
| 901 | _aBK | ||
| 942 | _cFOLL | ||
| 949 |
_bBC _cTES _d-10357 _eTS1 _h22915 _i898 _si |
||
| 949 |
_bBC _cTES _d-69207 _eTS2 _fc.2 _h22916 _i898 _si |
||
| 999 |
_c750 _d750 |
||